[Event "4MCR_4D_1L_3S"]
[Site "CR"]
[Date "2000.??.??"]
[Round "?"]
[White "Fiala, Jaroslav"]
[Black "Priesol, Daniel"]
[Result "1/2-1/2"]
[WhiteElo "2425"]
[BlackElo "2260"]
[PlyCount "91"]
[EventDate "2000.??.??"]
[EventType "tourn (corr)"]

1. e4 e5 2. Nf3 Nf6 3. Nc3 Nc6 4. d4 exd4 5. Nxd4 Bb4 6. Nxc6 bxc6 7. Bd3 d5 8.
exd5 cxd5 9. O-O O-O 10. Bg5 Bxc3 11. bxc3 h6 12. Bh4 Re8 13. Re1 Rxe1+ 14.
Qxe1 Be6 15. Qe3 c6 16. a4 Ng4 17. Bxd8 Nxe3 18. Be7 Nc4 19. Rb1 Ne5 20. Kf1
Re8 21. Rb7 a5 22. f4 Nxd3 23. cxd3 f6 24. Ke2 Bh3 25. gxh3 Kf7 26. Kf3 Rxe7
27. Rb6 Re1 28. Rxc6 Ra1 29. Rc5 Rxa4 30. Rxd5 g5 31. c4 Ra2 32. f5 h5 33. d4
Rxh2 34. Rxa5 Rxh3+ 35. Ke4 h4 36. Ra7+ Kg8 37. d5 Rc3 38. d6 Rxc4+ 39. Kd5 Rc1
40. d7 Rd1+ 41. Ke6 h3 42. Ra1 Rd2 43. Ra2 Rd1 44. Ra3 h2 45. Rh3 Re1+ 46. Kxf6
1/2-1/2

[Event "4MCR_4D_1L_3S"]
[Site "CR"]
[Date "2000.??.??"]
[Round "?"]
[White "Fiala, Jaroslav"]
[Black "Staufcik, Robert"]
[Result "1/2-1/2"]
[WhiteElo "2425"]
[BlackElo "2000"]
[PlyCount "62"]
[EventDate "2000.??.??"]
[EventType "tourn (corr)"]

1. d4 d5 2. Nf3 Nf6 3. c4 dxc4 4. e3 e6 5. Bxc4 c5 6. O-O a6 7. Bd3 cxd4 8.
exd4 Be7 9. Nc3 Nc6 10. Bg5 O-O 11. Rc1 b6 12. Bxf6 Bxf6 13. Ne4 Bb7 14. Nxf6+
Qxf6 15. Be4 Rac8 16. Ne5 Nxe5 17. Bxb7 Rxc1 18. Qxc1 Ng6 19. Bxa6 Qxd4 20. Rd1
Qa4 21. Bc4 Rc8 22. Bb5 Rxc1 23. Bxa4 Rxd1+ 24. Bxd1 Kf8 25. Bc2 Nf4 26. Kf1
Ke7 27. g3 Nd5 28. Be4 Nf6 29. Bg2 Kd6 30. Ke2 e5 31. Kd3 g6 1/2-1/2

[Event "4MCR_4D_1L_3S"]
[Site "CR"]
[Date "2000.??.??"]
[Round "?"]
[White "Fiala, Jaroslav"]
[Black "Travnik, Petr"]
[Result "0-1"]
[WhiteElo "2425"]
[BlackElo "2145"]
[PlyCount "92"]
[EventDate "2000.??.??"]
[EventType "tourn (corr)"]

1. d4 Nf6 2. c4 g6 3. Nc3 Bg7 4. e4 d6 5. Be2 O-O 6. Nf3 e5 7. O-O c6 8. d5 Na6
9. Nd2 Bd7 10. Rb1 c5 11. a3 Ne8 12. b4 f5 13. bxc5 Nxc5 14. Nb3 b6 15. Nxc5
dxc5 16. exf5 gxf5 17. Qd2 Nd6 18. Rd1 f4 19. Bd3 Rf6 20. Ne4 Rh6 21. Nxd6 Qh4
22. h3 Rxd6 23. Be4 Rf8 24. f3 Rff6 25. Qe1 Qh5 26. Rd2 Rf7 27. Kf1 Bf6 28. Ke2
Bh4 29. Qd1 Rg7 30. Kd3 Rdg6 31. Qf1 Bf5 32. Kc2 Rg3 33. Rb3 Qg6 34. Bxf5 Qxf5+
35. Qd3 Qd7 36. Qe4 Bf6 37. d6 Rxg2 38. Rbd3 R7g3 39. Kb1 Rg1 40. Rd1 Rxd1 41.
Rxd1 Qa4 42. Rd3 Rg2 43. Rc3 Qd1 44. a4 Qxa4 45. Ra3 Qb4+ 46. Ka1 a5 0-1

[Event "4MCR_4D_1L_3S"]
[Site "CR"]
[Date "2000.??.??"]
[Round "?"]
[White "Jandovsky, Viktor"]
[Black "Bares, Jiri"]
[Result "1/2-1/2"]
[WhiteElo "2295"]
[BlackElo "2225"]
[PlyCount "52"]
[EventDate "2000.??.??"]
[EventType "tourn (corr)"]

1. e4 c5 2. Nf3 d6 3. d4 cxd4 4. Nxd4 Nf6 5. Nc3 g6 6. Be3 Bg7 7. f3 O-O 8. Qd2
Nc6 9. Bc4 Bd7 10. O-O-O Rc8 11. Bb3 Ne5 12. Kb1 Nc4 13. Bxc4 Rxc4 14. g4 h6
15. h4 h5 16. gxh5 Nxh5 17. Nde2 Be6 18. Bd4 b5 19. Bxg7 Kxg7 20. Nd4 Qd7 21.
Nxe6+ Qxe6 22. Nd5 Rc5 23. Rdg1 Rh8 24. c3 a5 25. Qd4+ Kg8 26. Rh2 Rh6 1/2-1/2

[Event "4MCR_4D_1L_3S"]
[Site "CR"]
[Date "2000.??.??"]
[Round "?"]
[White "Jandovsky, Viktor"]
[Black "Beter, Daniel"]
[Result "0-1"]
[WhiteElo "2295"]
[BlackElo "2200"]
[PlyCount "98"]
[EventDate "2000.??.??"]
[EventType "tourn (corr)"]

1. e4 c5 2. Nf3 e6 3. d4 cxd4 4. Nxd4 a6 5. Bd3 Nf6 6. O-O d6 7. c4 Be7 8. Nc3
O-O 9. Be3 Nbd7 10. f4 Re8 11. Kh1 Bf8 12. Nf3 g6 13. Qe2 b6 14. Rad1 Qc7 15.
e5 Ng4 16. Bd4 Bb7 17. Be4 Rad8 18. Bxb7 Qxb7 19. Ng5 h5 20. exd6 Bxd6 21. Nce4
Be7 22. Nxf7 Kxf7 23. Ng5+ Bxg5 24. fxg5+ Kg8 25. h3 e5 26. Bc3 Nc5 27. Rxd8
Rxd8 28. hxg4 Ne4 29. Kg1 hxg4 30. Bxe5 Qc6 31. Qe3 Re8 32. Qd4 Nxg5 33. b3 Ne4
34. Re1 Nd6 35. Kh2 Nf5 36. Qxg4 Re7 37. Bg3 Rh7+ 38. Kg1 Nxg3 39. Qxg3 Rf7 40.
Qe5 Kh7 41. Re3 Qf6 42. Qxf6 Rxf6 43. b4 Rc6 44. Re4 a5 45. bxa5 bxa5 46. Kf2
Kg7 47. Ke3 Kf6 48. g4 a4 49. Kd4 Rxc4+ 0-1

[Event "4MCR_4D_1L_3S"]
[Site "CR"]
[Date "2000.??.??"]
[Round "?"]
[White "Jandovsky, Viktor"]
[Black "Mezera, Lukas"]
[Result "1-0"]
[WhiteElo "2295"]
[BlackElo "2105"]
[PlyCount "89"]
[EventDate "2000.??.??"]
[EventType "tourn (corr)"]

1. e4 c5 2. Nf3 d6 3. d4 cxd4 4. Nxd4 Nf6 5. Nc3 g6 6. Be3 Bg7 7. f3 O-O 8. Qd2
Nc6 9. Bc4 Bd7 10. O-O-O Rc8 11. Bb3 Ne5 12. Kb1 a5 13. a4 Qe8 14. g4 Nc4 15.
Bxc4 Rxc4 16. b3 Rc8 17. Ndb5 Be6 18. Bb6 Nd7 19. Bxa5 Ne5 20. Qe2 Nc6 21. Bb6
Nb4 22. Bd4 Bxd4 23. Rxd4 Nc6 24. Rd2 Nb4 25. h4 Rc5 26. Kb2 f6 27. f4 Qf7 28.
f5 Bd7 29. Qe3 Rfc8 30. Rhh2 Nc6 31. Rhg2 Ne5 32. Kb1 Kh8 33. Rdf2 Rg8 34. g5
gxf5 35. exf5 Rcc8 36. Qf4 Qh5 37. Kb2 Bc6 38. Rg3 Qf7 39. Nd4 Ra8 40. Ncb5 Bd7
41. Rfg2 fxg5 42. hxg5 Raf8 43. Rf2 Ng6 44. Qe4 Bxb5 45. axb5 1-0

[Event "4MCR_4D_1L_3S"]
[Site "CR"]
[Date "2000.??.??"]
[Round "?"]
[White "Jandovsky, Viktor"]
[Black "Pesa, Ladislav"]
[Result "1/2-1/2"]
[WhiteElo "2295"]
[BlackElo "2325"]
[PlyCount "37"]
[EventDate "2000.??.??"]
[EventType "tourn (corr)"]

1. e4 e5 2. Nf3 Nf6 3. Nxe5 d6 4. Nf3 Nxe4 5. d4 d5 6. Bd3 Be7 7. O-O Nc6 8. c4
Nb4 9. Be2 O-O 10. Nc3 Be6 11. Ne5 f6 12. Nf3 c5 13. Be3 Rc8 14. Qa4 Qe8 15.
Qxa7 Ra8 16. Qxb7 Rb8 17. Qa7 Ra8 18. Qb7 Rb8 19. Qa7 1/2-1/2

[Event "4MCR_4D_1L_3S"]
[Site "CR"]
[Date "2000.??.??"]
[Round "?"]
[White "Jandovsky, Viktor"]
[Black "Rybakova, Ivana"]
[Result "1/2-1/2"]
[WhiteElo "2295"]
[BlackElo "2000"]
[PlyCount "110"]
[EventDate "2000.??.??"]
[EventType "tourn (corr)"]

1. e4 e5 2. Nf3 Nc6 3. Bb5 a6 4. Ba4 Nf6 5. O-O Be7 6. Re1 b5 7. Bb3 O-O 8. c3
d5 9. exd5 Nxd5 10. Nxe5 Nxe5 11. Rxe5 c6 12. d4 Bd6 13. Re1 Qh4 14. g3 Qh3 15.
Re4 g5 16. Qf3 Bf5 17. Bxd5 cxd5 18. Re3 Be4 19. Rxe4 dxe4 20. Qf6 Qg4 21.
Qxg5+ Qxg5 22. Bxg5 f5 23. Nd2 Kf7 24. f3 Rg8 25. Be3 exf3 26. Kf2 f4 27. gxf4
Rg2+ 28. Kxf3 Rxh2 29. Ne4 Rh3+ 30. Ke2 Rh2+ 31. Kd3 Be7 32. b3 h5 33. d5 h4
34. c4 Rd8 35. f5 Rg2 36. Bd4 Bf8 37. Rh1 Rg4 38. Be5 Bg7 39. Bxg7 Kxg7 40. d6
Re8 41. d7 bxc4+ 42. bxc4 Rd8 43. Ke3 h3 44. Rxh3 Rxd7 45. f6+ Kg6 46. Rh8 Kf5
47. Rh5+ Kg6 48. Ra5 Rg1 49. Kf2 Rdd1 50. Rxa6 Rgf1+ 51. Ke3 Rfe1+ 52. Kf4 Rf1+
53. Ke3 Rfe1+ 54. Kf4 Rf1+ 55. Ke3 Rfe1+ 1/2-1/2

[Event "4MCR_4D_1L_3S"]
[Site "CR"]
[Date "2000.??.??"]
[Round "?"]
[White "Jandovsky, Viktor"]
[Black "Soucha, Stepan"]
[Result "0-1"]
[WhiteElo "2295"]
[BlackElo "2305"]
[PlyCount "54"]
[EventDate "2000.??.??"]
[EventType "tourn (corr)"]

1. e4 e5 2. Nf3 Nc6 3. Bb5 a6 4. Ba4 Nf6 5. O-O Be7 6. Re1 b5 7. Bb3 d6 8. c3
O-O 9. h3 Re8 10. d4 Bb7 11. Nbd2 Bf8 12. a4 h6 13. d5 Nb8 14. Qe2 Nbd7 15. c4
Nc5 16. Bc2 bxc4 17. Qxc4 c6 18. dxc6 Bxc6 19. b4 d5 20. exd5 Bxd5 21. Qc3 Ne6
22. Ba3 Rc8 23. Qb2 Nf4 24. Bf5 e4 25. Bxc8 exf3 26. Bxa6 fxg2 27. Qc3 Qd7 0-1

[Event "4MCR_4D_1L_3S"]
[Site "CR"]
[Date "2000.??.??"]
[Round "?"]
[White "Jandovsky, Viktor"]
[Black "Symersky, Petr"]
[Result "1/2-1/2"]
[WhiteElo "2295"]
[BlackElo "2000"]
[PlyCount "48"]
[EventDate "2000.??.??"]
[EventType "tourn (corr)"]

1. e4 e5 2. Nf3 Nc6 3. Bb5 a6 4. Ba4 Nf6 5. O-O b5 6. Bb3 Be7 7. a4 b4 8. d4
Nxe4 9. dxe5 Nc5 10. Bd5 Bb7 11. Be3 O-O 12. Nbd2 Na5 13. Bxb7 Ncxb7 14. Ne4 d5
15. Ng3 Qd7 16. Nd4 g6 17. Bh6 Rfe8 18. Nh5 Nc5 19. Qf3 Ne4 20. Rfe1 gxh5 21.
e6 fxe6 22. Rxe4 dxe4 23. Qg3+ Bg5 24. Qxg5+ Kh8 1/2-1/2

[Event "4MCR_4D_1L_3S"]
[Site "CR"]
[Date "2000.??.??"]
[Round "?"]
[White "Kosek, Lubomir"]
[Black "Bares, Jiri"]
[Result "1-0"]
[WhiteElo "2115"]
[BlackElo "2225"]
[PlyCount "69"]
[EventDate "2000.??.??"]
[EventType "tourn (corr)"]

1. e4 c5 2. Nf3 d6 3. d4 cxd4 4. Nxd4 Nf6 5. Nc3 g6 6. Be3 Bg7 7. f3 O-O 8. Qd2
Nc6 9. O-O-O Bd7 10. g4 Rc8 11. h4 Nxd4 12. Bxd4 Qa5 13. Kb1 e5 14. Be3 Be6 15.
a3 h5 16. gxh5 Nxh5 17. Nd5 Qxd2 18. Rxd2 Bxd5 19. Rxd5 Ng3 20. Rg1 Nxf1 21.
Rxf1 Bf6 22. Rxd6 Bxh4 23. Rd7 a6 24. Rxb7 Rc6 25. Rh1 Bf6 26. Rd1 Rfc8 27. c3
Bd8 28. Rdd7 Bc7 29. Kc2 Kg7 30. Bg5 a5 31. b4 axb4 32. axb4 Kg8 33. Bd2 Bd6
34. Rxf7 Bf8 35. b5 1-0

[Event "4MCR_4D_1L_3S"]
[Site "CR"]
[Date "2000.??.??"]
[Round "?"]
[White "Kosek, Lubomir"]
[Black "Beter, Daniel"]
[Result "1-0"]
[WhiteElo "2115"]
[BlackElo "2200"]
[PlyCount "105"]
[EventDate "2000.??.??"]
[EventType "tourn (corr)"]

1. e4 c6 2. d4 d5 3. exd5 cxd5 4. c4 e6 5. Nc3 Bb4 6. cxd5 exd5 7. a3 Bxc3+ 8.
bxc3 Nf6 9. Bd3 O-O 10. Ne2 b6 11. O-O Ba6 12. Bg5 h6 13. Bf4 Bxd3 14. Qxd3 Re8
15. Ng3 Nc6 16. Nf5 Ne4 17. f3 Nf6 18. Rae1 Nh5 19. Rxe8+ Qxe8 20. Bd2 Qd7 21.
Re1 Nf6 22. g4 Re8 23. Rxe8+ Nxe8 24. Qb5 Kh7 25. Bf4 Qe6 26. Kf2 Nf6 27. Nd6
Ne7 28. Qa6 Ng6 29. Bg3 h5 30. h3 h4 31. Bh2 Qd7 32. Ke3 Ng8 33. Nc8 Qc6 34.
Kd2 Qf6 35. Qd3 a5 36. Nd6 N8e7 37. Be5 Qe6 38. f4 Nc6 39. f5 Ncxe5 40. dxe5
Qxe5 41. fxg6+ fxg6 42. Nb5 Qh2+ 43. Kc1 Qa2 44. Kd1 a4 45. Kc1 Qf2 46. Nd4 Qh2
47. Nf3 Qa2 48. Nxh4 Qxa3+ 49. Kc2 Qd6 50. Nf3 Qc5 51. Ng5+ Kh6 52. Ne6 Qe7 53.
Qe3+ 1-0

[Event "4MCR_4D_1L_3S"]
[Site "CR"]
[Date "2000.??.??"]
[Round "?"]
[White "Kosek, Lubomir"]
[Black "Jandovsky, Viktor"]
[Result "1/2-1/2"]
[WhiteElo "2115"]
[BlackElo "2295"]
[PlyCount "92"]
[EventDate "2000.??.??"]
[EventType "tourn (corr)"]

1. e4 c5 2. Nf3 Nc6 3. d4 cxd4 4. Nxd4 Nf6 5. Nc3 d6 6. f3 e6 7. Be3 a6 8. Qd2
Bd7 9. g4 h6 10. O-O-O b5 11. g5 hxg5 12. Bxg5 Be7 13. Bg2 b4 14. Nce2 Qa5 15.
Kb1 Nxd4 16. Bxf6 Nxf3 17. Bxf3 Bxf6 18. Qxd6 O-O-O 19. Nc1 Be8 20. Qg3 Rxd1
21. Rxd1 Qe5 22. Nd3 Qxg3 23. hxg3 Be7 24. c4 bxc3 25. bxc3 Rh3 26. Rg1 Bg5 27.
Rg2 Kc7 28. Kb2 Be3 29. Kb3 Bb5 30. Bg4 Rh1 31. Ne5 Rb1+ 32. Kc2 Rf1 33. Be2 f6
34. Bxb5 axb5 35. Nd3 Kb6 36. Kb3 Bc5 37. Nf4 e5 38. Ne6 g6 39. Rd2 Rb1+ 40.
Kc2 Re1 41. Rd5 Bf2 42. Rd6+ Kb7 43. Nd8+ Kc7 44. Rxf6 Re2+ 45. Kd1 Re1+ 46.
Kd2 Kxd8 1/2-1/2

[Event "4MCR_4D_1L_3S"]
[Site "CR"]
[Date "2000.??.??"]
[Round "?"]
[White "Kosek, Lubomir"]
[Black "Mozny, Milos"]
[Result "1/2-1/2"]
[WhiteElo "2115"]
[BlackElo "2400"]
[PlyCount "57"]
[EventDate "2000.??.??"]
[EventType "tourn (corr)"]

1. e4 c5 2. Nf3 d6 3. d4 cxd4 4. Nxd4 Nf6 5. Nc3 e6 6. Be3 Be7 7. f3 a6 8. Qd2
b5 9. Bd3 Bb7 10. O-O O-O 11. a4 b4 12. Nce2 a5 13. Ng3 Nbd7 14. Nb5 d5 15.
Rfd1 dxe4 16. Bxe4 Nd5 17. Bd4 f5 18. Bxd5 Bxd5 19. Nh5 Bg5 20. Qf2 Bh6 21. c4
bxc3 22. bxc3 Rc8 23. Ng3 Qe7 24. Qe1 Bb3 25. Rdb1 Bc4 26. Na7 Rc7 27. Nb5 Rcc8
28. Na7 Rc7 29. Nb5 1/2-1/2

[Event "4MCR_4D_1L_3S"]
[Site "CR"]
[Date "2000.??.??"]
[Round "?"]
[White "Kosek, Lubomir"]
[Black "Priesol, Daniel"]
[Result "1/2-1/2"]
[WhiteElo "2115"]
[BlackElo "2260"]
[PlyCount "42"]
[EventDate "2000.??.??"]
[EventType "tourn (corr)"]

1. e4 c6 2. d4 d5 3. exd5 cxd5 4. c4 Nf6 5. Nc3 e6 6. Nf3 Bb4 7. Bd2 dxc4 8.
Bxc4 O-O 9. O-O Nbd7 10. Qb3 Be7 11. Rac1 Nb6 12. Bd3 Nbd5 13. Nxd5 Qxd5 14.
Qxd5 Nxd5 15. Be4 b6 16. Bxd5 exd5 17. Rfe1 Be6 18. h3 Rac8 19. Ng5 Bxg5 20.
Bxg5 Rxc1 21. Rxc1 Rc8 1/2-1/2

[Event "4MCR_4D_1L_3S"]
[Site "CR"]
[Date "2000.??.??"]
[Round "?"]
[White "Kosek, Lubomir"]
[Black "Rybakova, Ivana"]
[Result "1/2-1/2"]
[WhiteElo "2115"]
[BlackElo "2000"]
[PlyCount "59"]
[EventDate "2000.??.??"]
[EventType "tourn (corr)"]

1. e4 e5 2. Nf3 Nc6 3. Bb5 a6 4. Ba4 Nf6 5. O-O Be7 6. Re1 b5 7. Bb3 O-O 8. c3
d5 9. exd5 Nxd5 10. Nxe5 Nxe5 11. Rxe5 c6 12. d4 Bd6 13. Re1 Qh4 14. g3 Qh3 15.
Be3 Bg4 16. Qd3 Rae8 17. Nd2 f5 18. f4 g5 19. Qf1 Qh5 20. Qg2 gxf4 21. Bxd5+
cxd5 22. Qxd5+ Kg7 23. Bxf4 Bxf4 24. gxf4 Kh8 25. a4 Rg8 26. Rxe8 Rxe8 27. Nf1
Qh6 28. Qf7 Re2 29. Rd1 Bh3 30. Ng3 1/2-1/2

[Event "4MCR_4D_1L_3S"]
[Site "CR"]
[Date "2000.??.??"]
[Round "?"]
[White "Kosek, Lubomir"]
[Black "Soucha, Stepan"]
[Result "0-1"]
[WhiteElo "2115"]
[BlackElo "2305"]
[PlyCount "86"]
[EventDate "2000.??.??"]
[EventType "tourn (corr)"]

1. e4 e5 2. Nf3 Nc6 3. Bb5 a6 4. Ba4 Nf6 5. O-O Be7 6. Re1 b5 7. Bb3 d6 8. c3
O-O 9. d3 Na5 10. Bc2 c5 11. Nbd2 Nc6 12. Nf1 Re8 13. Ng3 h6 14. a4 Be6 15. Be3
Qc7 16. Bb3 d5 17. exd5 Nxd5 18. Nf5 Bf8 19. Bxd5 Bxd5 20. N3h4 Kh7 21. Qg4 g6
22. Ng3 Qc8 23. Qe2 Nd4 24. Bxd4 exd4 25. Qxe8 Qxe8 26. Rxe8 Rxe8 27. cxd4 bxa4
28. h3 Bc6 29. Nf3 Bg7 30. Ne4 cxd4 31. Nd6 Rb8 32. Nc4 Rb4 33. Nfd2 h5 34. Rf1
Bh6 35. f4 h4 36. Rf2 Bd5 37. Kf1 g5 38. fxg5 Bxg5 39. Nf3 Bc1 40. Nxd4 Bxc4
41. dxc4 Bxb2 42. Nc6 Rb6 43. c5 a3 0-1

[Event "4MCR_4D_1L_3S"]
[Site "CR"]
[Date "2000.??.??"]
[Round "?"]
[White "Mezera, Lukas"]
[Black "Fiala, Jaroslav"]
[Result "1/2-1/2"]
[WhiteElo "2105"]
[BlackElo "2425"]
[PlyCount "60"]
[EventDate "2000.??.??"]
[EventType "tourn (corr)"]

1. e4 c5 2. f4 e6 3. Nf3 d5 4. Bb5+ Bd7 5. Bxd7+ Nxd7 6. d3 Bd6 7. O-O Ne7 8.
c4 O-O 9. Nc3 Bc7 10. Qe2 Ba5 11. Nd1 Nc6 12. Nf2 Qe7 13. Be3 a6 14. d4 cxd4
15. Nxd4 Nxd4 16. Bxd4 dxc4 17. Qxc4 Rfd8 18. Rad1 b5 19. Qe2 e5 20. fxe5 Nxe5
21. Qh5 Bc7 22. b3 Rd7 23. Be3 Rxd1 24. Rxd1 Rd8 25. Rxd8+ Bxd8 26. Qd1 h6 27.
Qd5 Kh7 28. Qc5 Qxc5 29. Bxc5 Bc7 30. h3 Kg6 1/2-1/2

[Event "4MCR_4D_1L_3S"]
[Site "CR"]
[Date "2000.??.??"]
[Round "?"]
[White "Mezera, Lukas"]
[Black "Kosek, Lubomir"]
[Result "1-0"]
[WhiteElo "2105"]
[BlackElo "2115"]
[PlyCount "89"]
[EventDate "2000.??.??"]
[EventType "tourn (corr)"]

1. e4 d6 2. d4 Nf6 3. Nc3 g6 4. Bg5 Bg7 5. Qd2 c6 6. f4 O-O 7. Nf3 b5 8. Bd3 b4
9. Ne2 a5 10. e5 Nd5 11. O-O h6 12. Bh4 Ba6 13. c4 bxc3 14. bxc3 Bxd3 15. Qxd3
Qc7 16. Rab1 e6 17. c4 Ne7 18. exd6 Qxd6 19. c5 Qc7 20. Bxe7 Qxe7 21. Ne5 Qc7
22. Nc3 Nd7 23. Ne4 Rab8 24. Rxb8 Rxb8 25. Nd6 Rf8 26. Rb1 Nxe5 27. fxe5 Rb8
28. Rxb8+ Qxb8 29. Qb3 Qxb3 30. axb3 Kf8 31. Nc4 f6 32. Nxa5 fxe5 33. dxe5 Ke7
34. Kf2 Kd7 35. Nc4 Bf8 36. b4 h5 37. g3 Bh6 38. Ke2 Bc1 39. Kd3 Bg5 40. Nd2
Kc7 41. Nf3 Bh6 42. h3 Kd7 43. Nh4 Bg7 44. Nxg6 Bh6 45. Kc4 1-0

[Event "4MCR_4D_1L_3S"]
[Site "CR"]
[Date "2000.??.??"]
[Round "?"]
[White "Mezera, Lukas"]
[Black "Mozny, Milos"]
[Result "1-0"]
[WhiteElo "2105"]
[BlackElo "2400"]
[PlyCount "61"]
[EventDate "2000.??.??"]
[EventType "tourn (corr)"]

1. e4 c5 2. f4 d5 3. exd5 Nf6 4. Nc3 Nxd5 5. Nf3 Nxc3 6. bxc3 g6 7. Bb5+ Bd7 8.
Qe2 Bg7 9. Ba3 Qc7 10. O-O Qa5 11. Bxc5 O-O 12. a4 a6 13. Bxe7 axb5 14. Bxf8
Bxf8 15. axb5 Qb6+ 16. Nd4 Rxa1 17. Rxa1 Be6 18. Qe3 Nd7 19. Ra8 Qc5 20. Rd8
Qe7 21. Nxe6 fxe6 22. Rc8 b6 23. c4 Kf7 24. Rc7 Qd6 25. Rc6 Qe7 26. c3 h5 27.
d4 Bg7 28. c5 bxc5 29. dxc5 Nf8 30. b6 Kg8 31. Rd6 1-0

[Event "4MCR_4D_1L_3S"]
[Site "CR"]
[Date "2000.??.??"]
[Round "?"]
[White "Mezera, Lukas"]
[Black "Odehnal, Miroslav"]
[Result "1/2-1/2"]
[WhiteElo "2105"]
[BlackElo "2440"]
[PlyCount "55"]
[EventDate "2000.??.??"]
[EventType "tourn (corr)"]

1. e4 c5 2. Nc3 Nc6 3. g3 g6 4. Bg2 Bg7 5. d3 d6 6. Be3 e5 7. Qd2 Nge7 8. Nf3
Nd4 9. O-O O-O 10. Bh6 Bxh6 11. Qxh6 f6 12. Nxd4 cxd4 13. Nd1 Be6 14. Qd2 Rc8
15. c4 dxc3 16. bxc3 d5 17. exd5 Bxd5 18. Rb1 Bxg2 19. Kxg2 Qd7 20. f3 Nd5 21.
Rb3 b5 22. Re1 Rfd8 23. Nf2 a5 24. Qb2 b4 25. cxb4 Nxb4 26. Re2 Qf5 27. Rc3
Rxc3 28. Qxc3 1/2-1/2

[Event "4MCR_4D_1L_3S"]
[Site "CR"]
[Date "2000.??.??"]
[Round "?"]
[White "Mezera, Lukas"]
[Black "Priesol, Daniel"]
[Result "1/2-1/2"]
[WhiteElo "2105"]
[BlackElo "2260"]
[PlyCount "54"]
[EventDate "2000.??.??"]
[EventType "tourn (corr)"]

1. e4 e5 2. Nf3 Nf6 3. Nc3 Nc6 4. d4 exd4 5. Nxd4 Bb4 6. Nxc6 bxc6 7. Bd3 d5 8.
exd5 cxd5 9. O-O O-O 10. Bg5 c6 11. Na4 h6 12. Bh4 Re8 13. c3 Bd6 14. Re1 Rxe1+
15. Qxe1 Bd7 16. Bg3 Bxg3 17. hxg3 Qa5 18. Bc2 Re8 19. Qd2 c5 20. b4 cxb4 21.
cxb4 Qc7 22. Nc5 Qe5 23. Rc1 Bb5 24. Bd3 Bc4 25. Nd7 Nxd7 26. Bxc4 dxc4 27.
Qxd7 Rb8 1/2-1/2

[Event "4MCR_4D_1L_3S"]
[Site "CR"]
[Date "2000.??.??"]
[Round "?"]
[White "Mezera, Lukas"]
[Black "Staufcik, Robert"]
[Result "0-1"]
[WhiteElo "2000"]
[BlackElo "2105"]
[PlyCount "126"]
[EventDate "2000.??.??"]
[EventType "tourn (corr)"]

1. e4 e5 2. Nf3 Nc6 3. Bb5 a6 4. Ba4 Nf6 5. O-O Be7 6. Re1 b5 7. Bb3 d6 8. h3
O-O 9. c3 Na5 10. Bc2 c5 11. d4 cxd4 12. cxd4 Bb7 13. d5 Rc8 14. b3 Qc7 15. Bd3
Nd7 16. g4 Nc5 17. Be3 h5 18. gxh5 Nxd3 19. Qxd3 f5 20. h6 Qd7 21. Kh2 fxe4 22.
Qxe4 Qf5 23. Nfd2 Qxe4 24. Nxe4 Bxd5 25. Rg1 Rf7 26. Ng5 Rf5 27. Nh7 Bh4 28.
Rxg7+ Kh8 29. Ng5 Bxf2 30. Bxf2 Rxf2+ 31. Kg3 Rf4 32. h4 Rc1 33. Re7 Nc6 34.
Re8+ Bg8 35. h7 Rg1+ 36. Kh2 Rxg5 37. hxg5 Kxh7 38. Nc3 b4 39. Na4 Nd4 40. Rd8
Rh4+ 41. Kg3 Nf5+ 42. Kf2 e4 43. Nb6 e3+ 44. Kf3 Bf7 45. Rd7 Kg6 46. Rd1 Rh3+
47. Kf4 e2 48. Re1 Be6 49. Rd8 Rh4+ 50. Kf3 Nd4+ 51. Kf2 Nc2 52. Rxd6 Rh2+ 53.
Kg3 Nxe1 54. Rxe6+ Kf5 55. Re7 Rg2+ 56. Kh3 Kxg5 57. Nd5 Rf2 58. Re5+ Rf5 59.
Rxe2 Rxd5 60. Rxe1 Kf4 61. Rf1+ Ke3 62. Kg4 a5 63. Rf3+ Kd2 0-1

[Event "4MCR_4D_1L_3S"]
[Site "CR"]
[Date "2000.??.??"]
[Round "?"]
[White "Mezera, Lukas"]
[Black "Travnik, Petr"]
[Result "1/2-1/2"]
[WhiteElo "2105"]
[BlackElo "2145"]
[PlyCount "75"]
[EventDate "2000.??.??"]
[EventType "tourn (corr)"]

1. e4 c5 2. Nf3 d6 3. d4 cxd4 4. Nxd4 Nf6 5. Nc3 a6 6. Bg5 e6 7. f4 Be7 8. Qf3
Qc7 9. O-O-O Nbd7 10. g4 b5 11. Bxf6 gxf6 12. f5 Ne5 13. Qh3 O-O 14. Rg1 Kh8
15. Rg3 Rg8 16. Nce2 Bd7 17. Nf4 Rac8 18. fxe6 fxe6 19. Qg2 Nxg4 20. Rxg4 Rxg4
21. Qxg4 e5 22. Qh4 exf4 23. Bd3 Qd8 24. Rg1 Rc5 25. Nf3 Qf8 26. Qxf4 Rh5 27.
Kb1 d5 28. exd5 Bc5 29. Rf1 Qd6 30. Qxd6 Bxd6 31. c4 bxc4 32. Bxc4 a5 33. h4
Bh3 34. Rg1 Bf5+ 35. Kc1 Be4 36. Nd2 Rxh4 37. Nxe4 Rxe4 38. Bb5 1/2-1/2

[Event "4MCR_4D_1L_3S"]
[Site "CR"]
[Date "2000.??.??"]
[Round "?"]
[White "Mozny, Milos"]
[Black "Bares, Jiri"]
[Result "1/2-1/2"]
[WhiteElo "2400"]
[BlackElo "2225"]
[PlyCount "67"]
[EventDate "2000.??.??"]
[EventType "tourn (corr)"]

1. d4 d5 2. Nf3 Nf6 3. c4 e6 4. g3 dxc4 5. Bg2 b5 6. a4 c6 7. axb5 cxb5 8. Ne5
Nd5 9. Nc3 Bb4 10. O-O Bxc3 11. e4 Bxb2 12. exd5 Bxa1 13. Ba3 a5 14. Qg4 Qf6
15. Rxa1 Ra6 16. Bc5 Nd7 17. Nxd7 Kxd7 18. Ra3 Re8 19. d6 Qg6 20. Qd1 Rd8 21.
h4 Ke8 22. h5 Qf5 23. g4 Qf4 24. Qb1 b4 25. Rh3 Qh6 26. g5 Qxg5 27. Qxh7 Rdxd6
28. Rg3 Qc1+ 29. Bf1 Rd5 30. Qxg7 b3 31. h6 b2 32. h7 Qxf1+ 33. Kxf1 b1=Q+ 34.
Kg2 1/2-1/2

[Event "4MCR_4D_1L_3S"]
[Site "CR"]
[Date "2000.??.??"]
[Round "?"]
[White "Mozny, Milos"]
[Black "Beter, Daniel"]
[Result "1-0"]
[WhiteElo "2400"]
[BlackElo "2200"]
[PlyCount "71"]
[EventDate "2000.??.??"]
[EventType "tourn (corr)"]

1. d4 d5 2. c4 e6 3. Nf3 Nf6 4. g3 Bb4+ 5. Bd2 Be7 6. Bg2 O-O 7. O-O c6 8. b3
b6 9. Qc2 Bb7 10. Nc3 Nbd7 11. Rad1 Rc8 12. e4 c5 13. exd5 exd5 14. Bf4 dxc4
15. d5 cxb3 16. axb3 Re8 17. Ng5 Bf8 18. Bh3 Qe7 19. Qb1 g6 20. Rfe1 Qd8 21.
Ne6 fxe6 22. dxe6 Bc6 23. Re3 Ra8 24. Qc1 Bg7 25. exd7 Nxd7 26. Nd5 Ne5 27.
Bxe5 Rxe5 28. Rxe5 Bxe5 29. Nb4 Bd5 30. Nxd5 Kh8 31. Ne3 Qg8 32. Rd7 Bd4 33.
Bg2 Rd8 34. Rxd8 Qxd8 35. Qc4 a5 36. Qd5 1-0

[Event "4MCR_4D_1L_3S"]
[Site "CR"]
[Date "2000.??.??"]
[Round "?"]
[White "Mozny, Milos"]
[Black "Jandovsky, Viktor"]
[Result "1/2-1/2"]
[WhiteElo "2400"]
[BlackElo "2295"]
[PlyCount "61"]
[EventDate "2000.??.??"]
[EventType "tourn (corr)"]

1. d4 Nf6 2. c4 g6 3. Nc3 Bg7 4. Nf3 d5 5. cxd5 Nxd5 6. e4 Nxc3 7. bxc3 O-O 8.
Be2 c5 9. Rb1 Nc6 10. d5 Ne5 11. Nxe5 Bxe5 12. Qd2 e6 13. f4 Bc7 14. O-O exd5
15. exd5 Ba5 16. f5 Bxf5 17. Rxb7 Qd6 18. Bc4 Rfb8 19. Rb3 Rxb3 20. axb3 Qe5
21. Bb2 Re8 22. Qf2 h5 23. Bb5 Re7 24. c4 Qd6 25. Ba3 Bb6 26. Bc1 Bc7 27. g3
Bh3 28. Bf4 Qd8 29. Bxc7 Qxc7 30. Rd1 Qd6 31. Qf4 1/2-1/2

[Event "4MCR_4D_1L_3S"]
[Site "CR"]
[Date "2000.??.??"]
[Round "?"]
[White "Mozny, Milos"]
[Black "Priesol, Daniel"]
[Result "0-1"]
[WhiteElo "2400"]
[BlackElo "2260"]
[PlyCount "52"]
[EventDate "2000.??.??"]
[EventType "tourn (corr)"]

1. d4 Nf6 2. c4 e6 3. Nf3 d5 4. g3 dxc4 5. Bg2 Nc6 6. O-O Rb8 7. Nc3 b5 8. e4
Be7 9. d5 b4 10. Ne2 exd5 11. exd5 Nxd5 12. Ne1 Be6 13. Nf4 Rb5 14. Nxe6 fxe6
15. Qh5+ g6 16. Qe2 Qd6 17. Nf3 Rc5 18. Re1 O-O 19. Bh6 Re8 20. Bh3 e5 21. Rad1
c3 22. Be3 Ra5 23. bxc3 bxc3 24. Bg2 Ncb4 25. Bc1 Rxa2 26. Qxe5 Qxe5 0-1